00548nam a22001577a 450000500170000001000150001702000260003203500140005803700130007208200080008510000200009324500810011326000530019427001030024730000400035020180118135258.0 aENG-122103 a9789352606023c310.00 aEN-105635 bDBAD/PUB a537 aAgrawal, Sanjay aElectricity and Magnetism :cby Sanjay Agrawal.bfor jee (main & advanced) / aTamil NadubMcGraw Hill Education (India)cc2017 a444/1, Sri Ekambara Naicker Industrial Estate, Alapakkam, Porur, Chennai-600116, Tamil Nadu, India aix, various pages.c28cm(pbk)bill.